00457nam a2200157Ia 4500003000400000008004100004040001600045082001500061100002100076245008100097260004900178300001000227650001100237650002900248650002200277GCL140319s9999 xx 000 0 eng d aGCL / cGCL04a155.5bH P1 aHORROCKS, JOHN E10aTHE PSYCHOLOGY OF ADOLESCENCE: BEHAVIOR AND DEVELOPMENT / cHORROCKS, JOHN E a[S.N] : bHOUGHTON MIFFLIN COMPANY ، c1962 a711 P04aADULTS04aDEVELOPMENTAL PSYCHOLOGY04aADULTS PSYCHOLOGY